Futbolistas internacionales desde 2010: España - Estadísticas

Estadísticas generales
  • Esta prueba ha sido intentada 789 veces
  • La puntuación promedio es 85 de 168
Estadísticas de respuestas
Años Equipo(s) Aps. Pos. Footballer % Correcto
2010-21 Real Madrid 124 DEF Sergio Ramos
97%
2010-18 FC Barcelona 92 MED Andrés Iniesta
96%
2010-22 FC Barcelona 133 MED Sergi Busquets
95%
2010-14 FC Barcelona 50 MED Xavi Hernández
95%
2014-24 Juventus / Atlético de Madrid 78 DEL Álvaro Morata
94%
2010-18 FC Barcelona 89 DEF Gerard Piqué
93%
2014 Espanyol 1 POR Kiko Casilla
93%
2020-24 Manchester City / FC Barcelona 45 DEL Ferran Torres
91%
2010-14 Chelsea / Liverpool 39 DEL Fernando Torres
90%
2018-24 Manchester City / Atlético de Madrid 54 MED Rodri Hernández
90%
2014-24 Real Madrid 48 DEF Dani Carvajal
89%
2010-17 FC Barcelona / Valencia 44 DEL David Villa
89%
2010-24 Sevilla 53 DEF Jesús Navas
89%
2021-24 FC Barcelona 24 MED Pedri González
88%
2010-16 Real Madrid / FC Porto 66 POR Iker Casillas
87%
2013-22 Atlético de Madrid 70 MED Koke Resurrección
87%
2021-23 FC Barcelona 27 MED Pablo Gavi
87%
2020-24 Athletic Club 44 POR Unai Simón
87%
2019-24 RB Leipzig 37 DEL Dani Olmo
86%
2012-16 Atlético de Madrid 22 DEF Juanfran Torres
86%
2022-24 Athletic Club 18 DEL Nico Williams
85%
2019-23 Villarreal 24 DEF Pau Torres
85%
2010-18 Manchester City / Valencia 93 MED David Silva
84%
2023-24 FC Barcelona 12 FW Lamine Yamal
84%
2010-17 FC Barcelona / Chelsea 65 DEL Pedro Rodríguez
84%
2011-23 FC Barcelona / Valencia 93 DEF Jordi Alba
83%
2016-24 Real Sociedad 35 DEL Mikel Oyarzábal
83%
2010-13 FC Barcelona 20 DEF Carles Puyol
82%
2014-20 Manchester United 45 POR David de Gea
82%
2010-14 Real Madrid 49 MED Xabi Alonso
82%
2021-24 Manchester City / Al-Nassr 33 DEF Aymeric Laporte
81%
2016-23 Celta de Vigo 20 DEL Iago Aspas
81%
2010-16 FC Barcelona / Chelsea 63 MED Cesc Fàbregas
80%
2013-19 Real Madrid 38 MED Isco Alarcón
79%
2010-14 FC Barcelona 20 POR Víctor Valdés
78%
2019-24 Napoli / Paris Saint-Germain 27 MED Fabián Ruiz
77%
2016-23 Real Madrid / Paris Saint-Germain 38 DEL Marco Asensio
77%
2022-24 Arsenal / Brentford 6 POR David Raya
76%
2013-24 Real Madrid 27 DF Nacho Fernández
76%
2021-24 Chelsea / Getafe 8 DEF Marc Cucurella
75%
2014-23 Valencia / Leeds United 29 DEL Rodrigo Moreno
75%
2020-24 Real Sociedad 26 MED Mikel Merino
74%
2010-17 Liverpool / Napoli 17 POR Pepe Reina
74%
2020-24 Atlético de Madrid 19 MED Marcos Llorente
73%
2011-21 Bayern München / Liverpool 46 MED Thiago Alcántara
72%
2010-19 Arsenal / Villarreal 57 MED Santi Cazorla
71%
2010-13 Athletic Club 19 DEL Fernando Llorente
70%
2013-23 Real Sociedad / Athletic Club 21 DEF Íñigo Martínez
70%
2010-16 Chelsea / Manchester United 34 MED Juan Mata
70%
2010-21 Napoli / Real Madrid 37 DEF Raúl Albiol
70%
2013-22 Chelsea 44 DEF César Azpilicueta
69%
2016-22 Leeds United / Real Sociedad 10 DF Diego Llorente
69%
2023-24 Real Sociedad 16 DEF Robin Le Normand
69%
2019 Getafe 1 DEL Jaime Mata
68%
2021-24 Real Sociedad 8 MED Martín Zubimendi
68%
2014-18 Chelsea / Atlético de Madrid 24 DEL Diego Costa
67%
2016 Athletic Club 1 DEL Iñaki Williams
67%
2020-22 Manchester City / FC Barcelona 19 DEF Eric García
66%
2019-24 Villarreal 18 DEL Gerard Moreno
66%
2010-14 Bayern München / Athletic Club 18 MED Javi Martínez
66%
2023-24 Espanyol / Real Madrid 13 DEL Joselu Mato
66%
2024 Real Sociedad 1 POR Álex Remiro
65%
2010-11 Villarreal 18 DEF Joan Capdevila
63%
2010-13 Real Madrid 44 DEF Álvaro Arbeloa
61%
2018-23 Valencia 22 DEF José Luis Gayà
61%
2024 FC Barcelona 3 DEF Pau Cubarsí
61%
2021-24 Tottenham Hotspur / Sporting CP 3 DEF Pedro Porro
61%
2010-17 Athletic Club 13 DEL Aritz Aduriz
59%
2024 FC Barcelona 2 MED Fermín López
57%
2018-22 Chelsea 9 DEF Marcos Alonso
57%
2014-19 Valencia / Borussia Dortmund 19 DEL Paco Alcácer
57%
2023-24 Girona 2 MED Aleix García
56%
2021-22 Valencia / Paris Saint-Germain 14 MED Carlos Soler
56%
2018-19 Valencia 4 MED Dani Parejo
55%
2021-22 Brighton & Hove Albion 2 POR Robert Sánchez
55%
2016-19 Atlético de Madrid 19 MED Saúl Ñíguez
55%
2020-23 FC Barcelona 10 DEL Ansu Fati
53%
2018-23 Real Madrid / Arsenal 13 MED Dani Ceballos
53%
2016-18 Real Madrid 9 DEL Lucas Vázquez
53%
2021-23 Villarreal 12 DEL Yeremy Pino
52%
2017-23 Chelsea / Athletic Club 13 POR Kepa Arrizabalaga
51%
2022-23 FC Barcelona 7 DEF Alejandro Balde
50%
2024 Athletic Club 3 DEF Dani Vivian
50%
2013-17 Sevilla / Liverpool 4 DEF Alberto Moreno
49%
2013-18 FC Barcelona / Borussia Dortmund 14 DEF Marc Bartra
49%
2019-24 Paris Saint-Germain / Sporting CP 27 MED Pablo Sarabia
49%
2022-23 Real Betis 2 DEL Borja Iglesias
48%
2023 Osasuna 3 DEF David García
48%
2023 Real Madrid 2 DEF Fran García
48%
2024 Real Betis 2 DEL Ayoze Pérez
47%
2014 Atlético de Madrid 2 MED Raúl García
46%
2020-21 Wolverhampton Wanderers 8 DEL Adama Traoré
44%
2010-13 Sevilla / Manchester City 17 DEL Álvaro Negredo
44%
2023-24 Villarreal 5 DEL Álex Baena
43%
2023 Granada 1 DEL Bryan Zaragoza
43%
2014-16 Celta de Vigo 16 DEL Nolito Agudo
43%
2010-18 Arsenal / Málaga 20 DEF Nacho Monreal
42%
2017-19 AC Milan 5 MED Suso Fernández
42%
2010-11 Villarreal / Valencia 13 DEF Carlos Marchena
41%
2012-13 Manchester City / SL Benfica 2 MED Javi García
41%
2018-19 Real Betis / AS Roma 2 POR Pau López
41%
2016-21 FC Barcelona 11 DEF Sergi Roberto
41%
2014-17 Napoli 5 DEL José Callejón
40%
2021 RB Leipzig 1 POR Josep Martínez
40%
2021 Sporting de Gijón 1 MED Manu García
40%
2013 Swansea 1 DEL Michu Pérez
39%
2012 Atlético de Madrid 2 DEL Adrián López
38%
2021 Eibar / Tottenham Hotspur 4 DEL Bryan Gil
38%
2010 Villarreal 1 MED Marcos Senna
38%
2024 Athletic Club 4 MED Oihan Sancet
38%
2021 Sporting Braga 2 DEL Abel Ruiz
36%
2010-13 Valencia 10 DEL Roberto Soldado
36%
2016-20 Arsenal 4 DEF Héctor Bellerín
35%
2012-19 Athletic Club 2 DEL Iker Muniain
35%
2021 AC Milan 1 MED Brahim Díaz
34%
2014-19 Bayern München / Paris Saint-Germain 11 DEF Juan Bernat
34%
2018-19 Espanyol / Atlético de Madrid 5 DEF Mario Hermoso
34%
2021 FC Barcelona 1 DEF Óscar Mingueza
34%
2016-21 West Ham United 6 MED Pablo Fornals
33%
2020-21 Tottenham Hotspur 6 DEF Sergio Reguilón
33%
2019-23 Real Betis 11 MED Sergio Canales
32%
2016-17 Manchester United 2 MED Ander Herrera
31%
2017 SS Lazio 1 MED Luis Alberto
31%
2021 Huesca 1 POR Álvaro Fernández
29%
2010-16 Villarreal 10 MED Bruno Soriano
26%
2021-22 Valencia 3 MED Hugo Guillamón
26%
2014-16 Athletic Club 7 MED Mikel San José
26%
2010 Fenerbahçe 1 DEL Dani Güiza
24%
2014 FC Barcelona 1 DEL Munir El Haddadi
24%
2017-18 Real Sociedad 4 DEF Álvaro Odriozola
23%
2017 Real Sociedad 3 MED Asier Illarramendi
23%
2012 Real Betis 4 MED Beñat Etxebarria
23%
2011 Getafe 1 DEL Manu del Moral
23%
2021 Espanyol 1 DEF Óscar Gil
23%
2016 Sevilla 1 POR Sergio Rico
23%
2021 Espanyol 1 DEL Javi Puado
22%
2018-21 Celta de Vigo 4 DEL Brais Méndez
21%
2020 Sevilla 2 MED Óscar Rodríguez
21%
2021-22 Espanyol 4 DEL Raúl de Tomás
21%
2016 Villarreal 1 MF Denis Suárez
20%
2010 Valencia 2 MED Pablo Hernández
20%
2018 Wolverhampton Wanderers 3 DEF Jonny Otto
19%
2015-16 Villarreal 3 DEF Mario Gaspar
19%
2013-15 Atlético de Madrid 3 MED Mario Suárez
18%
2016 Villarreal 1 POR Sergio Asenjo
18%
2014-17 AC Milan / FC Barcelona 4 DEL Gerard Deulofeu
16%
2017 Las Palmas 1 DEL Jonathan Viera
16%
2015 Málaga 1 DEL Juanmi Jiménez
16%
2012 Athletic Club 1 MED Markel Susaeta
16%
2014 Athletic Club 2 MED Ander Iturraspe
15%
2015-17 Sevilla 12 MED Vitolo Machín
14%
2023-24 Bayer Leverkusen 6 DEF Álex Grimaldo
13%
2010-11 Athletic Club 3 DEF Andoni Iraola
13%
2020 Levante 1 MED José Campaña
13%
2023 Atlético de Madrid 2 DEF Rodrigo Riquelme
13%
2023 Villarreal 1 DEF Alfonso Pedraza
12%
2021 Celta de Vigo 1 MED Fran Beltrán
12%
2021 Real Betis 1 DEF Juan Miranda
12%
2019 Athletic Club 1 DEF Unai Núñez
11%
2015 Sevilla 1 DEF Aleix Vidal
10%
2013 FC Barcelona 1 DEL Cristian Tello
10%
2021 AS Roma 1 MED Gonzalo Villar
10%
2014 Málaga 1 MED Ignacio Camacho
10%
2021 Real Madrid 1 MED Antonio Blanco
9%
2012 Atlético de Madrid 2 DEF Álvaro Domínguez
8%
2011 Villarreal 1 MED Borja Valero
8%
2015 Athletic Club 1 DEF Xabi Etxeita
7%
2021 Eibar 1 DEF Alejandro Pozo
4%
No se encontraron pruebas coincidentes
Distribución de puntuación
Porcentaje de gente con cada puntuación
Porcentaje por número respondido
Historial de tus puntuaciones
No has intentado esta prueba.